00975nam a2200229 a 450000100100000000500170001000800410002704000250006808200150009311001270010824500680023526000550030330000290035849000300038750000380041759000270045565000630048265000330054583000370057895201130061599900170072800004485120201002045658.0100312s2014 dr a 000 0 spa d aDO-SdBNPbspacBNPHU axxxbR426p1 aRepública DominicanabMinisterio de EducaciónbDirección General de Educación de personas jovenes y Adultas97286410aPrograma de formación de alfabetizadores y alfabetizadoras /. aSanto Domingo :bMinisterio de Educación,c2014. a[16] p. :bil. ;c27 cm.1 aQuisqueya aprende contigo aPlan nacional de alfabetización aInventariado, 2018/ YL 4aAlfabetización de adultoszRepública Dominicana937554 4aEducación de adultos91419 0aQuisqueya aprende contigo972865 0010718PDaPDbPDcCTd2015-01-14iLF1l0oxxx R426pp44851-10r2020-06-25w2020-06-25yLFPDZNo se presta c44340d44340